[Event "4NCL Online Division 5"]
[Site "online"]
[Date "2020.08.25"]
[Round "1.124"]
[White "McNeil, Eric Dylan"]
[Black "Cowan, James"]
[Result "1-0"]
[WhiteElo "932"]
[BlackElo "1375"]
[PlyCount "103"]
[EventDate "2020.08.25"]
[WhiteTeam "Streatham C"]
[BlackTeam "St Albans 3"]

1. e4 c5 2. Nf3 d6 3. d4 cxd4 4. Nxd4 Nf6 5. Nc3 g6 6. Be2 Bg7 7. O-O Bd7 8.
Be3 e5 9. Nf3 Nc6 10. h3 Be6 11. Bg5 h6 12. Be3 Nd7 13. Qxd6 Bf8 14. Qd2 g5 15.
Rad1 Nb4 16. Bb5 a6 17. Bxd7+ Bxd7 18. Nxe5 Be6 19. Qxd8+ Rxd8 20. Rxd8+ Kxd8
21. Bb6+ Ke8 22. Rd1 Be7 23. Nd5 Bxd5 24. exd5 Bf6 25. Nc4 Nxa2 26. c3 g4 27.
hxg4 Bg5 28. Nd6+ Kd7 29. Nxf7 Rg8 30. Nxg5 Rxg5 31. f3 h5 32. gxh5 Rxh5 33.
Kf2 Rh6 34. Be3 Rh5 35. Rd4 b5 36. d6 a5 37. Bf4 b4 38. cxb4 Nxb4 39. g4 Rb5
40. g5 Nc2 41. Re4 Rxb2 42. Kg3 a4 43. Rxa4 Ne1 44. Kg4 Rb3 45. Re4 Rxf3 46.
Re7+ Kc6 47. Rxe1 Rd3 48. Re6 Kd7 49. Re7+ Kd8 50. g6 Rd1 51. g7 Rxd6 52. Bxd6
1-0

[Event "4NCL Online Division 5"]
[Site "online"]
[Date "2020.08.25"]
[Round "1.131"]
[White "Siddle, Michael"]
[Black "Vig, Sanjay"]
[Result "0-1"]
[WhiteElo "1570"]
[BlackElo "1562"]
[PlyCount "100"]
[EventDate "2020.08.25"]
[WhiteTeam "Bishop Knights"]
[BlackTeam "Watford 3"]

1. c4 f5 2. d4 c6 3. Nc3 e6 4. Nf3 Nf6 5. e3 d5 6. Be2 Nbd7 7. a3 Be7 8. b4 O-O
9. Bb2 Ne4 10. Qc2 Ndf6 11. h3 a6 12. Ne5 Bd7 13. Bd3 Be8 14. Ne2 Nh5 15. Bxe4
fxe4 16. g4 Nf6 17. Nf4 Bd7 18. Ke2 g5 19. Ng2 Qe8 20. Rag1 b5 21. c5 a5 22. h4
Nxg4 23. Nxg4 Qh5 24. Ne1 e5 25. f3 exf3+ 26. Nxf3 Bxg4 27. Kf2 e4 28. Ke1 Rxf3
29. Bc1 Rh3 30. Qg2 Qxh4+ 31. Kd2 h5 32. Rxh3 Qxh3 33. Qf2 Rf8 34. Qe1 axb4 35.
axb4 Qh2+ 36. Kc3 Qf2 37. Qxf2 Rxf2 38. Bd2 Bf3 39. Ra1 Bg4 40. Ra8+ Kf7 41.
Ra7 Rf6 42. Be1 h4 43. Ra2 Rf3 44. Bd2 Bd7 45. Ra1 g4 46. Rg1 h3 47. Rh1 Bh4
48. Rg1 g3 49. Bc1 h2 50. Rd1 g2 0-1

[Event "4NCL Online Division 5"]
[Site "online"]
[Date "2020.08.25"]
[Round "1.132"]
[White "Hylands, Keith"]
[Black "Clynes, Chris"]
[Result "1/2-1/2"]
[WhiteElo "1360"]
[BlackElo "1457"]
[PlyCount "69"]
[EventDate "2020.08.25"]
[WhiteTeam "Watford 3"]
[BlackTeam "Bishop Knights"]

1. e4 c5 2. Bc4 e6 3. Nf3 Nc6 4. d3 d5 5. exd5 exd5 6. Qe2+ Be7 7. Bb3 Nf6 8.
c3 O-O 9. O-O Re8 10. Qd1 Bg4 11. Nbd2 Ne5 12. Bc2 Qd7 13. Bb1 Nxf3+ 14. Nxf3
Bd6 15. h3 Bxh3 16. g3 Bxf1 17. Qxf1 Qg4 18. Qg2 Re2 19. Bf4 Bxf4 20. gxf4
Qxg2+ 21. Kxg2 Rxb2 22. d4 cxd4 23. cxd4 Ne4 24. Kg1 Nxf2 25. Bf5 Ne4 26. Rc1
g6 27. Bh3 Ng3 28. Rc7 Rxa2 29. Ne5 f5 30. Nf7 Kf8 31. Ng5 Re8 32. Nxh7+ Kg8
33. Nf6+ Kf8 34. Nh7+ Kg8 35. Nf6+ 1/2-1/2

[Event "4NCL Online Division 5"]
[Site "online"]
[Date "2020.08.25"]
[Round "1.133"]
[White "Coates, Ryan"]
[Black "Ramesh, Karthik R"]
[Result "0-1"]
[WhiteElo "1225"]
[BlackElo "1307"]
[PlyCount "150"]
[EventDate "2020.08.25"]
[WhiteTeam "Bishop Knights"]
[BlackTeam "Watford 3"]

1. d4 Nf6 2. Bf4 d6 3. e3 Nbd7 4. Nf3 c6 5. Bd3 Qc7 6. Nbd2 h6 7. c3 e5 8. dxe5
dxe5 9. Bg3 Nh5 10. Qb3 Nxg3 11. hxg3 Be7 12. Nc4 O-O 13. Qc2 b5 14. Ncd2 Bb7
15. O-O-O a5 16. g4 f6 17. Rxh6 gxh6 18. Bh7+ Kf7 19. Qg6+ Ke6 20. Qf5+ Kf7 21.
Qg6+ Ke6 22. Qf5+ Kf7 23. Bg6+ Kg7 24. Bh7 Rh8 25. Qg6+ Kf8 26. Qxh6+ Kf7 27.
Qg6+ Kf8 28. Nh4 Rxh7 29. Qxh7 Ke8 30. Nf5 Nf8 31. Qh5+ Kd8 32. Ne4+ Kc8 33.
Qe8+ Bd8 34. Ned6+ Kb8 35. Qxf8 Ka7 36. Ne4 Be7 37. Qxe7 Qxe7 38. Nxe7 c5 39.
Nxc5 Bxg2 40. Rd6 Re8 41. Ra6+ Kb8 42. Nc6+ Kc7 43. Nxa5 Bf3 44. Rc6+ Bxc6 45.
Nxc6 Kxc6 46. Ne4 Rf8 47. Kc2 Kd5 48. Ng3 Rg8 49. e4+ Ke6 50. f3 Rd8 51. Kb3
Rd3 52. Kb4 Rxf3 53. Nf5 Rf4 54. Ng7+ Kf7 55. Nf5 Rxe4+ 56. Kxb5 Re2 57. b4
Rxa2 58. c4 e4 59. Nd6+ Ke6 60. Nxe4 Ke5 61. Nc3 Rg2 62. c5 Rxg4 63. c6 Kd6 64.
Na4 f5 65. Nb6 f4 66. Nc4+ Kc7 67. Kc5 f3 68. b5 Rxc4+ 69. Kxc4 f2 70. Kc5 f1=Q
71. b6+ Kc8 72. b7+ Kc7 73. Kd5 Qb5+ 74. Kd4 Qxc6 75. b8=Q+ Kxb8 0-1

[Event "4NCL Online Division 5"]
[Site "online"]
[Date "2020.08.25"]
[Round "1.134"]
[White "Nagesh, Poornima"]
[Black "Clynes, Jamie"]
[Result "0-1"]
[WhiteElo "1300"]
[BlackElo "850"]
[PlyCount "30"]
[EventDate "2020.08.25"]
[WhiteTeam "Watford 3"]
[BlackTeam "Bishop Knights"]

1. Nf3 d5 2. Nc3 Nf6 3. d4 Nc6 4. Bf4 e6 5. Nb5 Bd6 6. e3 Qe7 7. Bd3 Ng4 8. O-O
e5 9. dxe5 Ncxe5 10. Bg5 Nxf3+ 11. Qxf3 Qxg5 12. h3 Nh2 13. h4 Qxh4 14. Qxd5
Nf3+ 15. Qxf3 Qh2# 0-1

[Event "4NCL Online Division 5"]
[Site "online"]
[Date "2020.08.25"]
[Round "1.141"]
[White "Foster, Brian E"]
[Black "Duckers, Harvey L"]
[Result "0-1"]
[WhiteElo "1630"]
[BlackElo "2080"]
[PlyCount "68"]
[EventDate "2020.08.25"]
[WhiteTeam "Uxbridge Bombers A"]
[BlackTeam "Crowthorne 1"]

1. e4 c5 2. f3 e6 3. Ke2 Nc6 4. d3 d5 5. Nh3 Nf6 6. Nf2 Be7 7. Bg5 h6 8. Bh4 b6
9. g4 Bb7 10. Bg2 Qd7 11. Bg3 e5 12. c3 dxe4 13. dxe4 Qe6 14. Nd2 Rd8 15. Qb3
c4 16. Qxc4 Rxd2+ 17. Kxd2 Qxc4 18. b3 Qe6 19. Kc2 O-O 20. Rhd1 Rc8 21. c4 Nd4+
22. Kc3 b5 23. Bf1 bxc4 24. Bxc4 Ba6 25. Rac1 Bxc4 26. bxc4 Ne2+ 27. Kb2 Nxc1
28. Rxc1 Rxc4 29. Rxc4 Qxc4 30. h4 Nd7 31. h5 Bc5 32. Nh3 Bd4+ 33. Ka3 Nc5 34.
Bf2 Qa4# 0-1

[Event "4NCL Online Division 5"]
[Site "online"]
[Date "2020.08.25"]
[Round "1.142"]
[White "Coates, Kenneth G"]
[Black "Nandi, Asoke K"]
[Result "1-0"]
[WhiteElo "2065"]
[BlackElo "1562"]
[PlyCount "41"]
[EventDate "2020.08.25"]
[WhiteTeam "Crowthorne 1"]
[BlackTeam "Uxbridge Bombers A"]

1. d4 d5 2. Bg5 Nd7 3. Nf3 Ngf6 4. e3 e6 5. Bd3 Be7 6. Nbd2 O-O 7. Qe2 a6 8.
O-O c5 9. c3 cxd4 10. exd4 b5 11. Ne5 Bb7 12. f4 Ne4 13. Bxe7 Qxe7 14. Nxe4
Nxe5 15. Nf6+ Qxf6 16. fxe5 Qe7 17. Rf6 gxf6 18. Qg4+ Kh8 19. Qh4 h6 20. Qxh6+
Kg8 21. Qh7# 1-0

[Event "4NCL Online Division 5"]
[Site "online"]
[Date "2020.08.25"]
[Round "1.143"]
[White "Pordes, Ben"]
[Black "Johnson, Derek R"]
[Result "0-1"]
[WhiteElo "1555"]
[BlackElo "2012"]
[PlyCount "102"]
[EventDate "2020.08.25"]
[WhiteTeam "Uxbridge Bombers A"]
[BlackTeam "Crowthorne 1"]

1. d4 Nf6 2. c4 c5 3. d5 e6 4. Nc3 exd5 5. cxd5 d6 6. e4 g6 7. Bg5 Bg7 8. Nf3
Nbd7 9. Bd3 O-O 10. O-O a6 11. a4 Qc7 12. Qe2 Ng4 13. Nd2 Nge5 14. a5 Nxd3 15.
Qxd3 Ne5 16. Qc2 f5 17. f3 Bd7 18. Be3 Bb5 19. Nxb5 axb5 20. b4 f4 21. Bf2 c4
22. Bd4 Nd3 23. Bxg7 Qxg7 24. Kh1 Qd4 25. h3 Nxb4 26. Qd1 Nd3 27. Qb1 b4 28.
Ra4 Qc5 29. Qa1 Ra6 30. Rb1 Qf2 31. Nxc4 Qg3 32. Ra2 Nf2+ 33. Kg1 Nxh3+ 34. Kf1
Ng5 35. Rxb4 Nxf3 36. gxf3 Qxf3+ 37. Ke1 Qxe4+ 38. Kd2 Qxd5+ 39. Kc2 Rc6 40.
Qf1 Rfc8 41. Kb3 Qe4 42. Rc2 d5 43. Rxb7 dxc4+ 44. Kb2 c3+ 45. Kb3 Qd5+ 46. Ka4
Rc4+ 47. Rb4 Qc6+ 48. Ka3 Rxb4 49. Kxb4 Rb8+ 50. Ka3 Qc5+ 51. Ka2 Qxa5# 0-1

[Event "4NCL Online Division 5"]
[Site "online"]
[Date "2020.08.25"]
[Round "1.144"]
[White "Taylor, Mark V"]
[Black "Smith, Richard"]
[Result "1-0"]
[WhiteElo "1832"]
[BlackElo "1517"]
[PlyCount "43"]
[EventDate "2020.08.25"]
[WhiteTeam "Crowthorne 1"]
[BlackTeam "Uxbridge Bombers A"]

1. d4 d5 2. c4 e6 3. Nc3 c6 4. cxd5 cxd5 5. Bf4 a6 6. e3 Nc6 7. Nf3 Nge7 8. Rc1
Bd7 9. Bd3 h6 10. O-O Nb4 11. Bb1 Nbc6 12. Re1 Rc8 13. e4 Qa5 14. exd5 Nxd5 15.
Nxd5 Qxd5 16. Be4 Qxa2 17. d5 Na7 18. dxe6 fxe6 19. Bg6+ Kd8 20. Ne5 Qd5 21.
Qxd5 exd5 22. Nf7# 1-0

[Event "4NCL Online Division 5"]
[Site "online"]
[Date "2020.08.25"]
[Round "1.151"]
[White "Correa, Edward"]
[Black "Richardson, Kevin D"]
[Result "0-1"]
[WhiteElo "1262"]
[BlackElo "2194"]
[PlyCount "58"]
[EventDate "2020.08.25"]
[WhiteTeam "Manchester Juniors C"]
[BlackTeam "Farnham A"]

1. d4 Nf6 2. Nf3 g6 3. Bf4 Bg7 4. e3 d6 5. Be2 O-O 6. h3 Nbd7 7. O-O Re8 8. Bh2
e5 9. c3 e4 10. Nfd2 Qe7 11. c4 c6 12. Nc3 Nb6 13. Qc2 d5 14. c5 Nbd7 15. Bd6
Qd8 16. a3 Bf8 17. Bg3 Nh5 18. Bxh5 gxh5 19. Qd1 Qg5 20. Bf4 Qg6 21. Kh2 Nf6
22. Rg1 Bh6 23. Bg3 Bg5 24. h4 Ng4+ 25. Kh1 Bxe3 26. fxe3 Nxe3 27. Qe1 Nc2 28.
Qf2 e3 29. Qe2 Qxg3 0-1

[Event "4NCL Online Division 5"]
[Site "online"]
[Date "2020.08.25"]
[Round "1.152"]
[White "Warren, Alex M"]
[Black "Winser, Frederick"]
[Result "1-0"]
[WhiteElo "2050"]
[BlackElo "1300"]
[PlyCount "77"]
[EventDate "2020.08.25"]
[WhiteTeam "Farnham A"]
[BlackTeam "Manchester Juniors C"]

1. Nf3 Nf6 2. d4 e6 3. g3 d5 4. Bg2 Bd6 5. c4 c5 6. cxd5 exd5 7. O-O O-O 8. Nc3
Re8 9. dxc5 Bxc5 10. a3 d4 11. Na4 b6 12. Nxd4 Nd5 13. Nxc5 bxc5 14. Nb3 Na6
15. Qxd5 Rb8 16. Be3 Be6 17. Qxd8 Rexd8 18. Nxc5 Nxc5 19. Bxc5 Rxb2 20. Rfd1
Rdd2 21. Bb4 Rxd1+ 22. Rxd1 h6 23. e4 Kh7 24. f4 Bg4 25. Rc1 h5 26. e5 h4 27.
gxh4 Bh5 28. Be4+ g6 29. Be7 Re2 30. Bd5 Kg7 31. Bf6+ Kh6 32. Rc8 g5 33. Rh8+
Kg6 34. Rxh5 Kxh5 35. Bf3+ Kxh4 36. Bxg5+ Kh3 37. Bxe2 f5 38. Bd3 a5 39. Bxf5#
1-0

[Event "4NCL Online Division 5"]
[Site "online"]
[Date "2020.08.25"]
[Round "1.153"]
[White "Eccleston, Rowan"]
[Black "Frostick, Helen M"]
[Result "0-1"]
[WhiteElo "1187"]
[BlackElo "1855"]
[PlyCount "122"]
[EventDate "2020.08.25"]
[WhiteTeam "Manchester Juniors C"]
[BlackTeam "Farnham A"]

1. f4 Nf6 2. Nf3 d5 3. e3 e6 4. b3 Bd6 5. Bd3 O-O 6. O-O c5 7. Bb2 Nc6 8. a3 a6
9. Qe1 Ne4 10. Nc3 f5 11. Bxe4 dxe4 12. Ne5 Nxe5 13. fxe5 Bxe5 14. Rd1 Qf6 15.
g4 Qg6 16. Qh4 Bf6 17. Qg3 Qxg4 18. Qxg4 fxg4 19. Rf4 e5 20. Rxe4 Bf5 21. Rc4
Bxc2 22. Rc1 Bxb3 23. Rxg4 Be6 24. Rg2 b6 25. Ne4 Kh8 26. Nxf6 gxf6 27. d4 exd4
28. exd4 c4 29. Rf1 Bh3 30. Rxf6 Rxf6 31. Rg3 Rg6 32. d5+ Kg8 33. Kf2 Rxg3 34.
Kxg3 Bf5 35. Kf4 Bg6 36. Ke5 Rc8 37. Kd4 Kf7 38. d6 Ke6 39. a4 Kxd6 40. Ba3+
Ke6 41. Bb2 Bd3 42. Bc3 Rd8+ 43. Ke3 Kd5 44. Kf3 Re8 45. Kf4 Kc5 46. Kg5 b5 47.
axb5 axb5 48. Kh6 b4 49. Be5 c3 50. Kg5 c2 51. Bb2 Re1 52. Kf4 c1=Q+ 53. Bxc1
Rxc1 54. Ke3 Bg6 55. Kd2 Rc4 56. Ke3 b3 57. Kd2 b2 58. Ke3 b1=Q 59. h4 Qd3+ 60.
Kf2 Rc2+ 61. Ke1 Qe2# 0-1

[Event "4NCL Online Division 5"]
[Site "online"]
[Date "2020.08.25"]
[Round "1.154"]
[White "Cooper, Malcolm H"]
[Black "Burke, Alexander"]
[Result "0-1"]
[WhiteElo "1817"]
[BlackElo "1097"]
[PlyCount "54"]
[EventDate "2020.08.25"]
[WhiteTeam "Farnham A"]
[BlackTeam "Manchester Juniors C"]

1. d4 d5 2. c4 e6 3. Nc3 Bb4 4. Qc2 Bxc3+ 5. Qxc3 Nf6 6. e3 Nc6 7. Nf3 Ne4 8.
Qc2 O-O 9. a3 a5 10. Bd3 f5 11. O-O b6 12. b3 Bd7 13. Bd2 Ne7 14. Ne5 dxc4 15.
bxc4 Nxd2 16. Qxd2 Nc6 17. Nxd7 Qxd7 18. Rfd1 Ne7 19. Qb2 f4 20. Be4 Rad8 21.
Qe2 fxe3 22. fxe3 Nf5 23. Rf1 Rf6 24. Rf3 Nxd4 25. Bxh7+ Kh8 26. Qf2 Nxf3+ 27.
gxf3 Kxh7 0-1

[Event "4NCL Online Division 5"]
[Site "online"]
[Date "2020.08.25"]
[Round "1.161"]
[White "Mason, Ian C"]
[Black "Fink-Nunn, Petra"]
[Result "0-1"]
[WhiteElo "1897"]
[BlackElo "2042"]
[PlyCount "90"]
[EventDate "2020.08.25"]
[WhiteTeam "Grangemouth Gambiteers"]
[BlackTeam "Bude Surfers"]

1. d4 d5 2. c4 e6 3. Nc3 Be7 4. Nf3 Nf6 5. cxd5 exd5 6. Bg5 O-O 7. Qc2 c6 8. e3
Nbd7 9. Bd3 Re8 10. O-O Nf8 11. Rab1 a5 12. a3 Ng6 13. Bxf6 Bxf6 14. h3 Be7 15.
Rfc1 Bd6 16. b4 axb4 17. axb4 Qf6 18. Qd1 Nh4 19. Nxh4 Qxh4 20. Qf3 Re6 21. Qg4
Qh6 22. Bf5 Rg6 23. Bxc8 Rxg4 24. Bxg4 b5 25. Bf3 Qe6 26. Bg4 Qe7 27. Bf3 Bxb4
28. Ne2 Qd6 29. Nf4 Kf8 30. Nd3 Ba3 31. Rd1 Ra4 32. Rb3 Rc4 33. Rdb1 f6 34. g3
b4 35. Kg2 Rc3 36. Nc5 Rxb3 37. Rxb3 Ke7 38. Bg4 Qb8 39. Bf3 Qb5 40. h4 Bc1 41.
Bg4 Qc4 42. Bf3 Bd2 43. Bg4 Qc2 44. Bf3 Be1 45. Kh3 Qxf2 0-1

[Event "4NCL Online Division 5"]
[Site "online"]
[Date "2020.08.25"]
[Round "1.162"]
[White "Constable, Christine F"]
[Black "Will, Douglas"]
[Result "0-1"]
[WhiteElo "1615"]
[BlackElo "1828"]
[PlyCount "78"]
[EventDate "2020.08.25"]
[WhiteTeam "Bude Surfers"]
[BlackTeam "Grangemouth Gambiteers"]

1. d4 Nf6 2. c4 g6 3. g3 Bg7 4. Bg2 O-O 5. Nf3 d6 6. O-O Nbd7 7. Nbd2 e5 8. e3
exd4 9. exd4 a5 10. b3 c5 11. Bb2 cxd4 12. Nxd4 Nc5 13. Qc2 Ng4 14. N2f3 Ne5
15. Rad1 Bg4 16. h3 Nxf3+ 17. Nxf3 Bf5 18. Qd2 Bxb2 19. Qxb2 Qc7 20. Nh4 Be4
21. Qd2 Bxg2 22. Nxg2 Rad8 23. Ne3 Qd7 24. Ng4 f6 25. Qd5+ Kg7 26. Qd2 Ne4 27.
Qh6+ Kh8 28. Rfe1 Ng5 29. Kh2 Nf3+ 30. Kg2 Nxe1+ 31. Rxe1 Qc6+ 32. Kg1 Rde8 33.
Rd1 Qf3 34. Rf1 f5 35. Ne3 f4 36. Ng4 fxg3 37. a3 gxf2+ 38. Rxf2 Re1+ 39. Kh2
Rh1# 0-1

[Event "4NCL Online Division 5"]
[Site "online"]
[Date "2020.08.25"]
[Round "1.163"]
[White "Sandham, Alasdair"]
[Black "Richards, Maurice A"]
[Result "0-1"]
[WhiteElo "1361"]
[BlackElo "1577"]
[PlyCount "62"]
[EventDate "2020.08.25"]
[WhiteTeam "Grangemouth Gambiteers"]
[BlackTeam "Bude Surfers"]

1. d4 d5 2. Bf4 Nf6 3. e3 g6 4. Nf3 Bg7 5. Bd3 Nbd7 6. c4 c5 7. Nc3 cxd4 8.
exd4 a6 9. Nxd5 Nxd5 10. cxd5 O-O 11. d6 Re8 12. dxe7 Qxe7+ 13. Qe2 Qb4+ 14.
Bd2 Rxe2+ 15. Kxe2 Qe7+ 16. Kd1 b5 17. Re1 Qd6 18. Re8+ Bf8 19. Be4 Rb8 20. g3
Qb6 21. Bf4 Bb7 22. Bxb8 Bxe4 23. Rxe4 Qxb8 24. Kd2 Qb7 25. Rae1 Nf6 26. R4e3
Bh6 27. Kd3 Bxe3 28. Rxe3 Ng4 29. Re8+ Kg7 30. Ke2 Qc6 31. Rd8 Qe4+ 0-1

[Event "4NCL Online Division 5"]
[Site "online"]
[Date "2020.08.25"]
[Round "1.164"]
[White "Russell, Lloyd"]
[Black "Fowler, David"]
[Result "0-1"]
[WhiteElo "1195"]
[BlackElo "1143"]
[PlyCount "80"]
[EventDate "2020.08.25"]
[WhiteTeam "Bude Surfers"]
[BlackTeam "Grangemouth Gambiteers"]

1. d4 d6 2. g3 Nf6 3. Bg2 Nc6 4. e3 g6 5. c4 Bg7 6. Ne2 O-O 7. O-O Rb8 8. Bd2
Bd7 9. b4 e5 10. d5 Ne7 11. Nbc3 c6 12. e4 h6 13. Qc1 Kh7 14. a4 Nfg8 15. b5 c5
16. a5 f5 17. a6 b6 18. exf5 Nxf5 19. Be4 Qe7 20. f4 exf4 21. Nxf4 Bxc3 22.
Qxc3 Qxe4 23. Rae1 Qd4+ 24. Kh1 Qxc3 25. Bxc3 Rbe8 26. Rc1 Nf6 27. Bd2 Nd4 28.
Rcd1 Bg4 29. Rde1 Rxe1 30. Rxe1 Re8 31. Rc1 g5 32. Ng2 Re2 33. Bc3 Bf3 34. Rg1
Ne4 35. Be1 Nc2 36. h4 Nxe1 37. Kh2 Nxg2 38. Rf1 Ne3+ 39. Kh3 Nxf1 40. hxg5
Rh2# 0-1

[Event "4NCL Online Division 5"]
[Site "online"]
[Date "2020.09.08"]
[Round "2.11"]
[White "Beckett, Chris J"]
[Black "Liu, Jason"]
[Result "1-0"]
[WhiteElo "2162"]
[BlackElo "1392"]
[PlyCount "107"]
[EventDate "2020.09.08"]
[WhiteTeam "Woking Warriors"]
[BlackTeam "BCC Penguins"]

1. d4 d6 2. c4 c6 3. Nc3 Qc7 4. e4 Nf6 5. Be2 e5 6. d5 Be7 7. h3 Nbd7 8. Nf3
O-O 9. O-O Re8 10. Be3 Nf8 11. b4 Bd7 12. Qd3 Ng6 13. Ne1 h6 14. Nc2 Nh7 15.
dxc6 bxc6 16. b5 Rad8 17. bxc6 Bxc6 18. Nb4 Bg5 19. Ncd5 Bxd5 20. cxd5 Ne7 21.
Bxg5 Nxg5 22. Bg4 a5 23. Rfc1 Qa7 24. Nc2 Ng6 25. Ne3 Nf4 26. Qa3 h5 27. Bd1
Nxe4 28. Rc4 Nc5 29. g3 Nxh3+ 30. Kg2 Ng5 31. Bxh5 g6 32. Be2 Kg7 33. Qc1 Rh8
34. Nf5+ Kf6 35. Nxd6 Rxd6 36. Rxc5 Ne4 37. Qe3 Nxc5 38. Rc1 Rc8 39. f4 e4 40.
Qd4+ Ke7 41. Qe5+ Kd8 42. Qxd6+ Qd7 43. Qf8+ Qe8 44. Qd6+ Qd7 45. Qb6+ Qc7 46.
Qf6+ Qe7 47. Qh8+ Qe8 48. Qd4 Nd7 49. Rc6 f5 50. Qa7 Rxc6 51. dxc6 Nf6 52. c7+
Kc8 53. Qb8+ Kd7 54. Bb5+ 1-0

[Event "4NCL Online Division 5"]
[Site "online"]
[Date "2020.09.08"]
[Round "2.12"]
[White "Liu, Benjamin"]
[Black "Kothari, Jai"]
[Result "0-1"]
[WhiteElo "1000"]
[BlackElo "1295"]
[PlyCount "138"]
[EventDate "2020.09.08"]
[WhiteTeam "BCC Penguins"]
[BlackTeam "Woking Warriors"]

1. d4 Nf6 2. c4 e6 3. Nc3 d5 4. cxd5 exd5 5. Bg5 Be7 6. e3 O-O 7. Bd3 h6 8. Bh4
Be6 9. Qc2 Nc6 10. a3 Re8 11. Nge2 Qd7 12. O-O Rac8 13. f3 Nh5 14. Bxe7 Nxe7
15. e4 dxe4 16. fxe4 c6 17. h3 a6 18. Na4 Qc7 19. Nc5 Ng3 20. Nxg3 Qxg3 21. Rf3
Qd6 22. e5 Qxd4+ 23. Kh1 Bd5 24. Bh7+ Kh8 25. Rd3 Qxe5 26. Be4 Bxe4 27. Nxe4
Qxe4 28. Qb3 Nd5 29. Rf3 Ne3 30. Re1 Qc2 31. Qxc2 Nxc2 32. Rxe8+ Rxe8 33. Rxf7
Ne3 34. Rxb7 Nc4 35. Ra7 Nxb2 36. Rxa6 Nc4 37. Kh2 Re3 38. Ra4 Nxa3 39. Ra8+
Kh7 40. Rc8 Rc3 41. g3 c5 42. h4 c4 43. Kh3 Rc1 44. Kg4 c3 45. Kf3 c2 46. Ke2
Nb1 47. Kd3 Na3 48. Kd2 Rd1+ 49. Ke2 c1=Q 50. Rxc1 Rxc1 51. Kd2 Rg1 52. Ke2
Rxg3 53. Kf2 Rh3 54. Kg2 Rxh4 55. Kg3 g5 56. Kf3 h5 57. Kg3 Nc4 58. Kf3 Rg4 59.
Kf2 h4 60. Kf3 h3 61. Kxg4 h2 62. Kxg5 h1=Q 63. Kg4 Qf1 64. Kg5 Kg7 65. Kh5 Qg2
66. Kh4 Kf7 67. Kh5 Kf6 68. Kh4 Kf5 69. Kh5 Qh3# 0-1

[Event "4NCL Online Division 5"]
[Site "online"]
[Date "2020.09.08"]
[Round "2.13"]
[White "Seet, Joshua"]
[Black "Bell, Euan"]
[Result "1-0"]
[WhiteElo "1322"]
[BlackElo "700"]
[PlyCount "71"]
[EventDate "2020.09.08"]
[WhiteTeam "Woking Warriors"]
[BlackTeam "BCC Penguins"]

1. d4 Nf6 2. c4 g6 3. Nc3 e6 4. e4 Bb4 5. e5 Ne4 6. Qc2 f5 7. exf6 d5 8. cxd5
Qxf6 9. Qxe4 Bxc3+ 10. bxc3 Bd7 11. Bc4 Rf8 12. Nf3 e5 13. dxe5 Qb6 14. d6 cxd6
15. exd6+ Kd8 16. Qe7+ Kc8 17. Qxf8+ Qd8 18. Qxd8+ Kxd8 19. Bg5+ Kc8 20. Ne5
Be8 21. Be6+ Bd7 22. Bxd7+ Nxd7 23. Nxd7 Kxd7 24. Be7 Re8 25. O-O-O Rc8 26. Kb2
b6 27. Rhe1 Re8 28. Kb3 a5 29. Ka4 h5 30. Kb5 a4 31. Kxa4 g5 32. Bxg5 Rf8 33.
Re7+ Kd8 34. Rf7+ Ke8 35. Rxf8+ Kxf8 36. d7 1-0

[Event "4NCL Online Division 5"]
[Site "online"]
[Date "2020.09.08"]
[Round "2.21"]
[White "Rawlinson, Aidan M"]
[Black "Cox, Leon"]
[Result "1-0"]
[WhiteElo "2215"]
[BlackElo "1757"]
[PlyCount "92"]
[EventDate "2020.09.08"]
[WhiteTeam "Manchester Manticores 1"]
[BlackTeam "Cheshire Cats"]

1. d4 d5 2. c4 c6 3. Nf3 Nf6 4. e3 Bf5 5. Nc3 e6 6. Nh4 Be4 7. f3 Bg6 8. Qb3
Qb6 9. Nxg6 hxg6 10. Bd2 Qxb3 11. axb3 a6 12. g3 Bd6 13. Bg2 Nbd7 14. O-O-O
O-O-O 15. Ne2 e5 16. cxd5 Nxd5 17. e4 N5f6 18. Bc3 exd4 19. Nxd4 Bc7 20. Ne2
Nc5 21. Rxd8+ Rxd8 22. Kc2 a5 23. h4 Kb8 24. g4 Ne6 25. h5 gxh5 26. Bxf6 gxf6
27. gxh5 Nf4 28. Nxf4 Bxf4 29. h6 Rh8 30. h7 Kc7 31. Rh5 Kd6 32. Bh3 Ke7 33.
Bf5 Kf8 34. Rh4 Bg5 35. Rg4 Bh6 36. f4 b5 37. Kd3 c5 38. Ke3 Bg7 39. Rg2 Bh6
40. Rh2 Kg7 41. Rg2+ Kf8 42. Rc2 Kg7 43. Rxc5 Rb8 44. Kf3 Kh8 45. Rc7 Kg7 46.
Kg4 Rh8 1-0

[Event "4NCL Online Division 5"]
[Site "online"]
[Date "2020.09.08"]
[Round "2.22"]
[White "Fisher, Peter"]
[Black "Pink, Joshua"]
[Result "0-1"]
[WhiteElo "1727"]
[BlackElo "2080"]
[PlyCount "64"]
[EventDate "2020.09.08"]
[WhiteTeam "Cheshire Cats"]
[BlackTeam "Manchester Manticores 1"]

1. e4 c6 2. d4 d5 3. Nd2 dxe4 4. Nxe4 Bf5 5. Ng3 Bg6 6. Nf3 Nd7 7. Bd3 e6 8.
Be3 Ngf6 9. Qe2 Bd6 10. O-O Qc7 11. c4 c5 12. b3 O-O-O 13. Rfd1 h5 14. Nf1 cxd4
15. Nxd4 Bxd3 16. Rxd3 Nc5 17. Rdd1 Ng4 18. g3 a6 19. Bd2 Nxh2 20. Nxe6 Nxe6
21. Nxh2 h4 22. Nf1 hxg3 23. fxg3 Bxg3 24. Qf3 Bh2+ 25. Kg2 Bf4 26. Bc3 Be5 27.
Rxd8+ Rxd8 28. Re1 Bxc3 29. Qxc3 Nf4+ 30. Kg1 Qc5+ 31. Kh2 Rh8+ 32. Kg3 Rh3+
0-1

[Event "4NCL Online Division 5"]
[Site "online"]
[Date "2020.09.08"]
[Round "2.23"]
[White "Reed, John"]
[Black "Beckett, Phill"]
[Result "0-1"]
[WhiteElo "1937"]
[BlackElo "1712"]
[PlyCount "70"]
[EventDate "2020.09.08"]
[WhiteTeam "Manchester Manticores 1"]
[BlackTeam "Cheshire Cats"]

1. d4 d5 2. c4 e6 3. Nc3 Nf6 4. cxd5 Nxd5 5. e4 Nxc3 6. bxc3 c5 7. Nf3 cxd4 8.
cxd4 Bb4+ 9. Bd2 Bxd2+ 10. Qxd2 O-O 11. Bc4 Nd7 12. O-O b6 13. Rad1 Bb7 14.
Rfe1 Rc8 15. Bd3 Qe7 16. Bb1 Rfd8 17. Qf4 Qf6 18. Qe3 Qe7 19. d5 exd5 20. e5
Nc5 21. Nd4 g6 22. f3 Ne6 23. Nb3 d4 24. Qh6 Qf8 25. Qh4 Qb4 26. f4 d3 27. Rf1
Nc5 28. Nd2 Ne4 29. Nf3 Nc3 30. Ng5 h5 31. e6 Nxd1 32. exf7+ Kf8 33. Ne6+ Kxf7
34. Nxd8+ Rxd8 35. f5 Qxh4 0-1

[Event "4NCL Online Division 5"]
[Site "online"]
[Date "2020.09.08"]
[Round "2.24"]
[White "Varjian, Gary"]
[Black "Kobryn, Peter J"]
[Result "0-1"]
[WhiteElo "1423"]
[BlackElo "1960"]
[PlyCount "110"]
[EventDate "2020.09.08"]
[WhiteTeam "Cheshire Cats"]
[BlackTeam "Manchester Manticores 1"]

1. d4 Nf6 2. Bf4 g6 3. e3 Bg7 4. c3 d6 5. Nd2 O-O 6. Be2 Nbd7 7. Ngf3 c5 8. h4
Nh5 9. Bh2 cxd4 10. Nxd4 Nhf6 11. g4 Nc5 12. Nf1 Bd7 13. Rc1 e5 14. Nc2 Bc6 15.
Rg1 a5 16. g5 Nd5 17. Ng3 Qe7 18. h5 Rad8 19. Bg4 Qxg5 20. Ne2 Qe7 21. Ng3 Nb6
22. Qe2 d5 23. f3 Rfe8 24. Rd1 Nc4 25. Kf2 Nxb2 26. Rdf1 Nbd3+ 27. Kg2 f5 28.
Nxf5 gxf5 29. Bxf5 e4 30. f4 Kh8 31. Kh1 Bxc3 32. Bg6 Rg8 33. f5 Qf6 34. Qg2
Be5 35. Bg3 Bxg3 36. Qxg3 Ne5 37. Qh3 Nf3 38. Rg2 Rdf8 39. Rff2 Nd3 40. Re2 Qh4
41. Rg3 Qxh3+ 42. Rxh3 hxg6 43. hxg6+ Kg7 44. Rh7+ Kf6 45. Reh2 Nxh2 46. Rf7+
Rxf7 47. gxf7 Kxf7 48. Nd4 Ng4 49. Ne6 Nxe3 50. a4 Nxf5 51. Ng5+ Rxg5 52. Kh2
e3 53. Kh1 e2 54. Kh2 e1=R 55. Kh3 Rh1# 0-1

[Event "4NCL Online Division 5"]
[Site "online"]
[Date "2020.09.08"]
[Round "2.31"]
[White "Coburn, Joseph A"]
[Black "Walker, Kate"]
[Result "0-1"]
[WhiteElo "1802"]
[BlackElo "1705"]
[PlyCount "58"]
[EventDate "2020.09.08"]
[WhiteTeam "Wessex Some Stars D"]
[BlackTeam "Shropshire 4"]

1. d4 d5 2. c4 c6 3. Nf3 e6 4. Nc3 Nf6 5. e3 Bd6 6. Ne5 Nbd7 7. f4 O-O 8. Bd3
dxc4 9. Bxc4 Nd5 10. Bd3 Qh4+ 11. g3 Qe7 12. O-O c5 13. Ne4 cxd4 14. exd4 Bc7
15. a3 Bb6 16. Bb1 f5 17. Ng5 Nxe5 18. fxe5 Bd7 19. Nf3 Rac8 20. Bg5 Qe8 21.
Bc2 Bc6 22. Qd2 Qd7 23. Rad1 Rc7 24. Be3 Nxe3 25. Qxe3 Bxf3 26. Bxf5 Bxd1 27.
Bxe6+ Qxe6 28. Rxd1 Rc2 29. a4 Qc6 0-1